| 000 | 00446nam a22001817a 4500 | ||
|---|---|---|---|
| 003 | CEME | ||
| 005 | 20210628202403.0 | ||
| 008 | 210311b xxu||||| |||| 00| 0 eng d | ||
| 020 | _a0-03-055864-6 | ||
| 040 | _c. | ||
| 082 | _a510 ZIT'F | ||
| 100 |
_aZitarelli, D.E Coughlin, R.F _959682 |
||
| 245 | _aFinite mathematics with applications | ||
| 250 | _a2ND | ||
| 260 |
_aNEWYORK _bHARCOURT BRACE _c1992 |
||
| 300 | _a557P | ||
| 942 |
_cBK _2ddc |
||
| 999 |
_c569601 _d569601 |
||